00413nam a2200145Ia 4500100001800000250000600018942000700024654002600031245005200057260003600109300000800145546001200153999001700165952008500182 aTomasi/Wayne  a3 cBK aAdvanced electronics aAdvanced Electronics Communications systems bPrentice HallaNew yorkc1994 a371 aENGLISH c34405d34405 001040708CRCaCRCEbCRCEd2023-03-17l0o p10346r2023-03-17w2023-03-17yBK